00322nam a22001217a 4500020001800000040000900018082001500027100001900042245004000061250001600101260004300117650004000160 a9788177584141 cNust a686.2bLAM aLeslie Lamport aA Document Preparation system LATEX a2nd Edition aNew Delhi:bDorling Kindersley,c2006. aA Document Preparation system LATEX